Frontiers of astrophysics (Record no. 12151)
[ view plain ]
| 000 -LEADER | |
|---|---|
| fixed length control field | 00692nam a2200193Ia 4500 |
| 003 - CONTROL NUMBER IDENTIFIER | |
| control field | IN-BaIIA |
| 008 - FIXED-LENGTH DATA ELEMENTS--GENERAL INFORMATION | |
| fixed length control field | 211028s9999 xx 000 0 eng d |
| 020 ## - INTERNATIONAL STANDARD BOOK NUMBER | |
| International Standard Book Number | 82-7121-014-9 |
| 040 ## - CATALOGING SOURCE | |
| Transcribing agency | IIA Library |
| 080 ## - UNIVERSAL DECIMAL CLASSIFICATION NUMBER | |
| Universal Decimal Classification number | 524(082.2) |
| Item number | LIL |
| 245 #0 - TITLE STATEMENT | |
| Title | Frontiers of astrophysics |
| Remainder of title | proceedings of the Rosseland Centenary symposium, Oslo, 16-17 June, 1994 |
| Statement of responsibility, etc. | edited by Per B. Lilje and Per Maltby |
| 260 ## - PUBLICATION, DISTRIBUTION, ETC. | |
| Place of publication, distribution, etc. | Oslo |
| Name of publisher, distributor, etc. | Institute of Theoretical Astrophysics |
| Date of publication, distribution, etc. | 1997 |
| 300 ## - PHYSICAL DESCRIPTION | |
| Extent | iv, 228p. |
| 650 ## - SUBJECT ADDED ENTRY--TOPICAL TERM | |
| Topical term or geographic name entry element | Astronomy. |
| 9 (RLIN) | 80 |
| 650 ## - SUBJECT ADDED ENTRY--TOPICAL TERM | |
| Topical term or geographic name entry element | Theoretical Astrophysics |
| 9 (RLIN) | 15234 |
| 700 ## - ADDED ENTRY--PERSONAL NAME | |
| Personal name | Lilje, Per B., ed. |
| 9 (RLIN) | 21194 |
| 700 ## - ADDED ENTRY--PERSONAL NAME | |
| Personal name | Maltby, Per, ed. |
| 9 (RLIN) | 21195 |
| 942 ## - ADDED ENTRY ELEMENTS (KOHA) | |
| Koha item type | Books |
| Withdrawn status | Lost status | Damaged status | Not for loan | Home library | Current library | Shelving location | Date acquired | Total Checkouts | Full call number | Barcode | Date last seen | Price effective from | Koha item type |
|---|---|---|---|---|---|---|---|---|---|---|---|---|---|
| IIA Library-Bangalore | IIA Library-Bangalore | General Stacks | 08/07/1997 | 524(082.2)/ LIL | 13067 | 05/11/2021 | 08/07/1997 | Books |